| 000 | 004500000a22001810004500 | ||
|---|---|---|---|
| 020 | _a0-932191-15-X | ||
| 041 | 0 | _aENG | |
| 082 | 0 | 4 | _aG 362.2 W847a |
| 100 | 1 | _aWoititz, Janet Geringer | |
| 245 | 1 | 0 | _aAdult children of alcoholics / Janet G. Woitiz |
| 260 | _aUSA : Health | ||
| 300 | _a106 Pag | ||
| 001 | 9748 | ||
| 942 | _cBK | ||
| 999 |
_c39602 _d39602 |
||
| 336 |
_atexto _btxt _2rdacontent |
||
| 337 |
_2rdamedia _asin mediación _bn |
||
| 338 |
_2rdacarrier _avolumen _bnc |
||